A 30-day evangelism plan: (Record no. 13160)

000 -LEADER
fixed length control field 00626nam a2200193 a 4500
001 - CONTROL NUMBER
control field :::00010978$&:&@@
003 - CONTROL NUMBER IDENTIFIER
control field OkBaRHE
005 - DATE AND TIME OF LATEST TRANSACTION
control field 20000607103404.0
008 - FIXED-LENGTH DATA ELEMENTS--GENERAL INFORMATION
fixed length control field s1986 j 000 0 eng u
040 ## - CATALOGING SOURCE
Transcribing agency
100 1# - MAIN ENTRY--PERSONAL NAME
Personal name Andyshak, Len.
245 12 - TITLE STATEMENT
Title A 30-day evangelism plan:
Remainder of title developing the habit of loving people.
260 ## - PUBLICATION, DISTRIBUTION, ETC. (IMPRINT)
Place of publication, distribution, etc Downers Grove, IL., :
Name of publisher, distributor, etc InterVarsity Press
Date of publication, distribution, etc c1986
300 ## - PHYSICAL DESCRIPTION
Extent 32 p. ;
Dimensions 18 cm.
650 ## - SUBJECT ADDED ENTRY--TOPICAL TERM
Topical term or geographic name as entry element Evangelistic Work
650 ## - SUBJECT ADDED ENTRY--TOPICAL TERM
Topical term or geographic name as entry element Witness Bearing (Christianity)
942 ## - ADDED ENTRY ELEMENTS (KOHA)
Source of classification or shelving scheme
Koha item type Books
Copies
Lost status Full call number Shelving location Permanent Location Damaged status Not for loan Withdrawn status Date last seen Price effective from Barcode Date acquired Copy number Koha item type Source of classification or shelving scheme
 BV 4520 .A52General StacksRHEMA Bible Training College   2010-04-142010-04-14109782010-04-141Books